00554nam a2200253Ia 4500008004000000041000800040082001100048100002800059245006200087260003900149300001100188440000600199650000800205650000700213650001100220650001500231650000600246650000600252650000800258650000600266650001000272650000900282650000900291210210b1922 xxu||||| |||| 00| 0 eng d aeng a090/82 aPILLAI (L D Swamikannu) aIndian ephemeries A D 700 TO 1799: A D 1000 to 1199 Vol 3 aMadrasbGovernment of Madrasc1922 avi,401 a3 aVol aTO aIndian aephemeries aD aA a700 a3 a1799: a1199 a1000